Unidades de conservação : (Registro nro. 6240)
[ vista simple ]
| 000 -CABECERA | |
|---|---|
| Campo de control | 00888nam a2200265 a 4500 |
| 005 - FECHA Y HORA DE LA ULTIMA TRANSACCION | |
| Campo de control | 20200104041607.0 |
| 008 - ELEMENTOS DE LONGITUD FIJA—INFORMACION GENERAL | |
| Campo de control | 160122s2007 br abd f |||| 000 0 spa d |
| 020 ## - ISBN | |
| ISBN | 9788588912076 |
| 040 ## - FUENTE DE CATALOGACIÓN | |
| Agencia catalogadora original | CO-BoIAVH |
| Agencia transcriptora | CO-BoIAVH |
| 041 0# - IDIOMA | |
| Código de idioma para texto/pista de sonido o título separado | Portugués |
| -- | Español |
| -- | Inglés |
| 044 ## - PAÍS DE PUBLICACIÓN | |
| País de publicación | Brasil |
| 082 04 - NUMERO DE CLASIFICACION DECIMAL DEWEY | |
| Número de clasificación | 354.334 |
| Número del ítem | N97u |
| 090 ## - CLASIFICACIÓN LOCAL | |
| Colección | LB |
| Consecutivo | 05244 |
| 100 1# - ASIENTO PRINCIPAL--NOMBRE PERSONAL | |
| Nombre personal | Nunes, Maria de Lourdes |
| 9 (RLIN) | 52923 |
| 245 10 - MENCION DE TITULO | |
| Título | Unidades de conservação : |
| Parte restante del título | Atualidades e tendências 2007 |
| 260 ## - PUBLICACION, DISTRIBUCION, ETC. (PIE DE IMPRENTA) | |
| Lugar de publicación, distribución, etc. | Curitiba : |
| Nombre del editor, distribuidor, etc. | Fundacao o Boticario de Protecao a Natureza, |
| Fecha de publicación, distribución, etc. | 2007. |
| 300 ## - DESCRIPCION FISICA | |
| Extensión | 298 páginas : |
| Otros detalles físicos | Ilustraciones, mapas, gráficos ; |
| Dimensiones | 21 x 16 cm. |
| 650 #4 - ASIENTO SECUNDARIO DE MATERIA - TERMINO TEMATICO | |
| Término temático o nombre geográfico como elemento de entrada | Conservación de la naturaleza |
| 9 (RLIN) | 97 |
| 650 #4 - ASIENTO SECUNDARIO DE MATERIA - TERMINO TEMATICO | |
| Término temático o nombre geográfico como elemento de entrada | Parques nacionales |
| 9 (RLIN) | 53747 |
| 650 #4 - ASIENTO SECUNDARIO DE MATERIA - TERMINO TEMATICO | |
| Término temático o nombre geográfico como elemento de entrada | Reservas naturales |
| 9 (RLIN) | 53748 |
| 650 #4 - ASIENTO SECUNDARIO DE MATERIA - TERMINO TEMATICO | |
| Término temático o nombre geográfico como elemento de entrada | Artículos científicos |
| 9 (RLIN) | 4212 |
| 700 1# - ASIENTO SECUNDARIO - NOMBRE PERSONAL | |
| Nombre personal | Yassuco Takahashi, Leide |
| 9 (RLIN) | 53749 |
| 700 1# - ASIENTO SECUNDARIO - NOMBRE PERSONAL | |
| Nombre personal | Theulen, Veronica |
| 9 (RLIN) | 53750 |
| 942 ## - ELEMENTOS ADICIONALES (KOHA) | |
| Tipo de ítem | Libro |
| Sistema de clasificación | Dewey Decimal Classification |
| Withdrawn status | Lost status | Sistema de Clasificación | Damaged status | No para préstamo | Colección | Inventariado | Ubicación Permanente | Ubicación actual | Fecha de adquisición | Fuente de Valor | Valor | Total Checkouts | Número topográfico | Inventario / Código de Barras | Date last seen | Ejemplar | Price effective from | Forma de adquisición | Tipo de material |
|---|---|---|---|---|---|---|---|---|---|---|---|---|---|---|---|---|---|---|---|
| Dewey Decimal Classification | General | Inventariado 2017 | Bogotá | Bogotá | 27/03/2008 | Instituto | 39000.00 | LB-354.334 N97u | 025773 | 04/12/2012 | Ej.1 | 04/12/2012 | Libro |